The religious drama : (Record no. 83905)

MARC details
000 -LEADER
fixed length control field 00671nam a22002057a 4500
005 - DATE AND TIME OF LATEST TRANSACTION
control field 20170418161700.0
010 ## - LCCN (DPL NO)
LC control number ENG-109839
020 ## - INTERNATIONAL STANDARD BOOK NUMBER
International Standard Book Number 9789351480075
Terms of availability 480.00
020 ## - INTERNATIONAL STANDARD BOOK NUMBER
International Standard Book Number 9351480070
Terms of availability 480.00
035 ## - SYSTEM CONTROL NUMBER
System control number EN-93372
037 ## - SOURCE OF ACQUISITION
Source of stock number/acquisition DBAD/PUB
082 ## - DEWEY DECIMAL CLASSIFICATION NUMBER
Classification number 280.64
100 ## - MAIN ENTRY--PERSONAL NAME
Personal name Crosse, Gordon
245 00 - TITLE STATEMENT
Title The religious drama :
Statement of responsibility, etc by Gordon Crosse
Remainder of title an art of the church (beginning to 17th century) /
260 ## - PUBLICATION, DISTRIBUTION, ETC. (IMPRINT)
Place of publication, distribution, etc New Delhi
Name of publisher, distributor, etc Christian World Imprints
Date of publication, distribution, etc 2014
270 ## - ADDRESS
Address H-12, Bali Nagar
City New Delhi
Postal code 110015
300 ## - PHYSICAL DESCRIPTION
Extent xvi,184p. :
Dimensions 22cm(Hb)
Other physical details ill.
500 ## - GENERAL NOTE
General note Includes bibliographical references and index
942 ## - ADDED ENTRY ELEMENTS (KOHA)
Source of classification or shelving scheme Dewey Decimal Classification
Item type English Books
Call number suffix CRO
Classification part 280.64
Holdings
Withdrawn status Lost status Not for loan Collection code Home library Current library Date acquired Source of acquisition Cost, normal purchase price Full call number Barcode Copy number Cost, replacement price Koha item type
      Non-fiction Central Library Central Library 05/08/2014 DBAD/PUB 480.00 280.64 CRO EN-93372 1 480.00 English Books

© Delhi Public Library
Hit Counter
free hit counter